Intermediate Algebra. (Record no. 967)

MARC details
005 - DATE AND TIME OF LATEST TRANSACTION
control field 20250319123823.0
020 ## - INTERNATIONAL STANDARD BOOK NUMBER
International Standard Book Number 978-0-07-730339-6
082 ## - DEWEY DECIMAL CLASSIFICATION NUMBER
Classification number 512.9 MIL
100 ## - MAIN ENTRY--PERSONAL NAME
Author name MILLER,J.
245 ## - TITLE STATEMENT
Title Intermediate Algebra.
250 ## - EDITION STATEMENT
Edition statement 2nd Ed.
260 ## - PUBLICATION, DISTRIBUTION, ETC.
Place of publication, distribution, etc. New York,
Name of publisher, distributor, etc. Mcgraw-Hill
Date of publication, distribution, etc. 2010.
300 ## - PHYSICAL DESCRIPTION
Extent xxvii, 916p.:Ill.;figures.
Other physical details Index.
Dimensions 28cm.
700 ## - ADDED ENTRY--PERSONAL NAME
Other authors/Editors MOLLY ,O'NEILL& NANCY HYDE.
856 ## - ELECTRONIC LOCATION AND ACCESS
Link text Access Online Book.
Electronic name Intermediate Algebra
Path www.mhhe.com
942 ## - ADDED ENTRY ELEMENTS (KOHA)
Source of classification or shelving scheme Dewey Decimal Classification
Koha item type Books
Holdings
Date last seen Total checkouts Full call number Barcode Cost, replacement price Price effective from Koha item type Lost status Source of classification or shelving scheme Damaged status Not for loan Withdrawn status Home library Current library Shelving location Date acquired Cost, normal purchase price
03/19/2025   512.9 MIL 0000003817 201000.00 03/19/2025 Books   Dewey Decimal Classification       College of Business Education Main Library College of Business Education Main Library General Collection 03/19/2025 67000.00
03/19/2025   512.9 MIL 0000003818 201000.00 03/19/2025 Books   Dewey Decimal Classification       College of Business Education Main Library College of Business Education Main Library General Collection 03/19/2025 67000.00
03/19/2025   512.9 MIL 0000003819 201000.00 03/19/2025 Books   Dewey Decimal Classification       College of Business Education Main Library College of Business Education Main Library General Collection 03/19/2025 67000.00
03/19/2025   512.9 MIL 0000003820 201000.00 03/19/2025 Books   Dewey Decimal Classification       College of Business Education Main Library College of Business Education Main Library General Collection 03/19/2025 67000.00
03/19/2025   512.9 MIL 0000003821 201000.00 03/19/2025 Books   Dewey Decimal Classification       College of Business Education Main Library College of Business Education Main Library General Collection 03/19/2025 67000.00